| 000 | 00520 a2200169 4500 | ||
|---|---|---|---|
| 003 | NUST | ||
| 005 | 20251103133355.0 | ||
| 040 | _cNust | ||
| 082 | _a621.382,HAM | ||
| 100 |
_aHamdani, Maj Abbas Shaukat Syed (TE-42) _9131415 |
||
| 245 |
_aAnalysis of error correction codes in OFDM / _cMaj Syed Shaukat Abbas Hamdani, Capt Zeeshan Haider and Capt Muhammad Zeeshan Afzal (TE-42) |
||
| 260 |
_aRawalpindi _bMCS _c2009 |
||
| 300 | _a86 p.; | ||
| 650 |
_aUG Projects _998716 |
||
| 651 |
_aTE-42 _9131416 |
||
| 942 |
_cPR _2ddc |
||
| 999 |
_c184043 _d184043 |
||